Techniques of microbiology (Record no. 395762)

MARC details
000 -LEADER
fixed length control field 00612 a2200229 4500
005 - DATE & TIME
control field 20260314094018.0
008 - FIXED-LENGTH DATA ELEMENTS--GENERAL INFORMATION
fixed length control field 260313b |||||||| |||| 00| 0 eng d
020 ## - ISBN
International Standard Book Number 9789391063252
Price Rs. 3995.00
040 ## - CATALOGING SOURCE
Original cataloging agency VIVEKANANDA LIBRARY
082 ## - DDC NUMBER
Classification number 576.028
Book Number S56T
100 ## - MAIN ENTRY--PERSONAL NAME
Personal name Sengar, R S
245 ## - TITLE STATEMENT
Title Techniques of microbiology
260 ## - PUBLICATION, DISTRIBUTION, ETC. (IMPRINT)
Name of publisher, distributor, etc Narendra Publishing House
Date of publication, distribution, etc 2024
Place of publication, distribution, etc New Delhi
300 ## - PHYSICAL DESCRIPTION
Pages xxi, 309
650 ## - Subject
Subject Microbiology
650 ## - Subject
Subject Microorganisms
700 ## - Added Entry Personal Name
Added Entry Personal Name Chaudhary, Reshu, ed.
700 ## - Added Entry Personal Name
Added Entry Personal Name Rani, Varsha, ed.
700 ## - Added Entry Personal Name
Added Entry Personal Name Gupta, Shalini, ed.
700 ## - Added Entry Personal Name
Added Entry Personal Name Katoch, Shailja, ed.
942 ## - ADDED ENTRY ELEMENTS (KOHA)
Koha item type Books
Holdings
Withdrawn status Lost status Source of classification or shelving scheme Damaged status Not for loan Location (home branch) Sublocation or collection (holding branch) Shelving location Date acquired Koha issues (times borrowed) Koha full call number Accession No. Koha date last seen Koha item type
    Dewey Decimal Classification     VIVEKANANDA LIBRARY VIVEKANANDA LIBRARY Vivekananda Library 17/02/2026   576.028 S56T 438301 17/02/2026 Books
© Designed and Maintained by Vivekananda Library, MDU Rohtak